| 000 | 00356nam a2200145Ia 4500 | ||
|---|---|---|---|
| 008 | 230917s9999||||xx |||||||||||||| ||und|| | ||
| 040 |
_e43423 _aMAIN |
||
| 041 | _aEnglish | ||
| 082 | _a821.6 W891G:U | ||
| 100 | _aGroom, Bernard | ||
| 245 | 0 | _aUnity of Wordsworth's poetry | |
| 260 |
_aLondon _bMacmillan _c1966 |
||
| 300 | _axiii, 224 p. | ||
| 942 | _cBK | ||
| 999 |
_c194671 _d194671 |
||